00732nam a2200229Ia 4500001000900000003000500009005001700014008004100031010001100072040001800083090001500101100002800116245003800144260007500182300000900257901001500266902000600281905006300287942001600350999001900366952011700385dia_6745CHAP20251029164338.0220117s1964 xx 000 0 und d a178010 cCHAPamxchpua aF 137 1964 aTeunissen, Henk9162633 aEnsile maíz /c Henk Teunissen aMéxico :b SAG. Centro Nacional de Investigaciones Pecuarias,c1964 a5 p. aF 137 1964 aM a0000001964 MX 0000000000SPA00 cFOLL2local c178010d178010 00102local4051708FOLLaIA_bIA_c1d2022-01-18f12l0pdia_011557r2022-01-18 00:00:00t1w2022-01-18yFOLL